Catalog

Record Details

Catalog Search



Available copies

  • 3 of 3 copies available at LARL/NWRL Consortium.
  • 3 of 3 copies available at Northwest Regional Library. (Show preferred library)

Current holds

0 current holds with 3 total copies.

Show All Copies
Location Call Number / Copy Notes Barcode Shelving Location Status Due Date
Roseau Public Library SID (Text) 35500005062243 Main Available -
Roseau Public Library SID (Text) 35500004290639 Main Available -
Roseau Public Library SID (Text) 35500004290738 Main Available -

Record details

  • ISBN: 9780446527873 (regular ed.)
  • ISBN: 0446527874 (regular ed.)
  • Physical Description: 358 p. ; 24 cm.
  • Edition: 1st ed.
  • Publisher: New York : Grand Central Pub., 2008.

Content descriptions

Summary, etc.:
"Anne Rivers Siddons tells the beautiful, tragic, ... Read More
Subject: Widows > Fiction.
Self-realization in women > Fiction.
Genre: Psychological fiction.
LDR 02191pam a22004334a 4500
00188993
003LARL_NWRL_CONSORTIUM
00520080807085110.0
008080304s2008 nyu 000 1 eng
010 . ‡a2008010090
019 . ‡a181603298 ‡a222708744
020 . ‡a9780446527873 (regular ed.)
020 . ‡a0446527874 (regular ed.)
020 . ‡z9780446505482 (large print ed.)
020 . ‡z044650548X (large print ed.)
035 . ‡a(OCoLC)181603297 ‡z(OCoLC)181603298 ‡z(OCoLC)222708744
040 . ‡aDLC ‡cDLC ‡dIG# ‡dBTCTA ‡dBAKER ‡dYDXCP ‡dWIQ ‡dB2A
08200. ‡a813/.54 ‡222
1001 . ‡aSiddons, Anne Rivers. ‡0(LARL_NWRL_CONSORTIUM)48384
24510. ‡aOff season / ‡cAnne Rivers Siddons.
250 . ‡a1st ed.
260 . ‡aNew York : ‡bGrand Central Pub., ‡c2008.
300 . ‡a358 p. ; ‡c24 cm.
520 . ‡a"Anne Rivers Siddons tells the beautiful, tragic, and redemptive story of a woman who searches for meaning after her husband dies"--Provided by publisher.
650 0. ‡aWidows ‡vFiction. ‡0(LARL_NWRL_CONSORTIUM)167902
650 0. ‡aSelf-realization in women ‡vFiction. ‡0(LARL_NWRL_CONSORTIUM)174928
655 0. ‡aPsychological fiction.
901 . ‡a88993 ‡bOCLC ‡c88993 ‡tbiblio

Additional Resources